| 000 | 01048nam a2200265Ia 4500 | ||
|---|---|---|---|
| 003 | GCL | ||
| 008 | 140319s9999 xx 000 0 ara d | ||
| 020 | _a9585064977 | ||
| 040 |
_aGCL / _cGCL |
||
| 082 | 0 | 4 |
_a001.6425 _bأ ت |
| 100 | 1 | _aفاروق محمد العامرى | |
| 245 | 1 | 0 |
_aتصميم برامج التعريب : _bيشمل برنامج تعريب كامل بلغتى باسكال و++ C\C / _cفاروق محمد العامرى |
| 700 | 1 | _aاحمد امين الششتاوى | |
| 250 | _aالاولى | ||
| 260 |
_aالقاهرة : _bمعهد ناصر للدراسات الالكترونية ، _c1997 |
||
| 300 |
_a333 ص ؛ _c24 سم |
||
| 490 |
_aموسوعة الششتاوى _v3 |
||
| 650 | 0 | 4 | _aالحاسبات الالكترونية |
| 650 | 0 | 4 | _aالحاسبات الالكترونية - برامج |
| 650 | 0 | 4 | _aلغة باسكال |
| 650 | 0 | 4 | _aالحاسبات الالكترونية - لغات |
| 650 | 0 | 4 | _aالحاسبات الالكترونية - تعريب |
| 650 | 0 | 4 | _aلغة سى |
| 942 |
_2ddc _cBK |
||
| 999 |
_c4976 _d4976 |
||